A história da folha de papel (Registo nº 4377)

Detalhes MARC
000 -Etiqueta do registo
Cabeçalho 00595nam a2200229 4500
005 - Identificador da versão
Campo de controlo 20240813122059.0
010 ## - Número internacional normalizado dos livros (ISBN)
Número (ISBN) 9722600389
100 ## - Dados gerais de processamento
Dados gerais de processamento 19930426d1984 cdey0pory5003 ba
102 ## - Pais de publicação ou produção
País de publicação Portugal
101 1# - Língua de publicação
Língua do texto, banda sonora, etc. Português
Língua do documento no original Francês
215 ## - Descrição física 
Indicação específica da natureza do documento e extensão da espécie [18] p.
Outras indicações físicas il
200 1# - Titulo e menção de responsabilidade
Título próprio A história da folha de papel
Primeira menção de responsabilidade Odile Limousin, Béat Brusch
225 1# - Colecção 
Título próprio da colecção Descobrir
210 ## - Publicação, Distribuição, etc. 
Lugar da edição, distribuição, etc. [Lisboa]
Nome do editor, distribuidor, etc. Civilização
Data da publicação, distribuição, etc. cop. 1984
675 ## - Classificação Decimal Universal (CDU)
Notação 087.5
Edição BN
Língua da edição por
702 #1 - Nome de autor-pessoa física (responsabilidade secundária)
Número de registo de entrada de autoridade 0001174
Palavra de ordem Brusch
Outra parte do nome não tomada para palavra de ordem Béat
Código de função Ilustrador / Técnico de desenho computorizado
700 #1 - Nome de autor-pessoa física (responsabilidade principal)
Número de registo de entrada de autoridade 0001173
Palavra de ordem Limousin
Outra parte do nome não tomada para palavra de ordem Odile
942 ## - Elementos de entrada adicionados (Koha)
Tipo de item no Koha Livro
Exemplares
Situação do levantamento Origin of item (home branch) (coded) Biblioteca de empréstimo Código de barras Cota Circulation type (not for loan) Tipo de documento Nota do exemplar Damaged status
  Biblioteca Escolar das Vendas Biblioteca Escolar das Vendas BEV1379 6 LIM   Livro Sem mensagem